Great Lakes Counties - Statistics

General Stats
  • This quiz has been taken 14 times
  • The average score is 35 of 84
Answer Stats
State Lake County Seat County % Correct
Michigan (LP) Lake Huron Bay City Bay
88%
Ohio Lake Erie Sandusky Erie
88%
Pennsylvania Lake Erie Erie Erie
88%
New York Lake Erie Buffalo Erie
88%
Michigan (UP) Lake Superior Marquette Marquette
75%
Michigan (LP) Lake Michigan Charlevoix Charlevoix
63%
Minnesota Lake Superior Grand Marais Cook
63%
Illinois Lake Michigan Chicago Cook
63%
Michigan (LP) Lake Huron Bad Axe Huron
63%
Minnesota Lake Superior Two Harbors Lake
63%
Illinois Lake Michigan Waukegan Lake
63%
Indiana Lake Michigan Crown Point Lake
63%
Ohio Lake Erie Painesville Lake
63%
Michigan (UP) Lake Huron St. Ignace Mackinac
63%
Michigan (UP) Lake Michigan St. Ignace Mackinac
63%
Michigan (LP) Lake Michigan Manistee Manistee
63%
Michigan (LP) Lake Erie Monroe Monroe
63%
New York Lake Ontario Rochester Monroe
63%
Michigan (LP) Lake Michigan Muskegon Muskegon
63%
Wisconsin (Lake Michigan) Lake Michigan Sheboygan Sheboygan
63%
Michigan (LP) Lake St. Clair Detroit Wayne
63%
New York Lake Ontario Lyons Wayne
63%
Michigan (LP) Lake Huron Alpena Alpena
50%
Wisconsin (South Shore) Lake Superior Ashland Ashland
50%
Wisconsin (South Shore) Lake Superior Washburn Bayfield
50%
Michigan (LP) Lake Huron Cheboygan Cheboygan
50%
Wisconsin (Lake Michigan) Lake Michigan Sturgeon Bay Door
50%
Wisconsin (South Shore) Lake Superior Superior Douglas
50%
Michigan (LP) Lake Michigan Traverse City Grand Traverse
50%
Michigan (UP) Lake Superior Houghton Houghton
50%
Wisconsin (South Shore) Lake Superior Hurley Iron
50%
Wisconsin (Lake Michigan) Lake Michigan Kenosha Kenosha
50%
Wisconsin (Lake Michigan) Lake Michigan Kewaunee Kewaunee
50%
Wisconsin (Lake Michigan) Lake Michigan Manitowoc Manitowoc
50%
Wisconsin (Lake Michigan) Lake Michigan Marinette Marinette
50%
Wisconsin (Lake Michigan) Lake Michigan Milwaukee Milwaukee
50%
Wisconsin (Lake Michigan) Lake Michigan Oconto Oconto
50%
Michigan (UP) Lake Superior Ontonagon Ontonagon
50%
New York Lake Ontario Oswego Oswego
50%
Michigan (LP) Lake Michigan Grand Haven Ottawa
50%
Ohio Lake Erie Port Clinton Ottawa
50%
Wisconsin (Lake Michigan) Lake Michigan Racine Racine
50%
Michigan (LP) Lake Huron Port Huron St. Clair
50%
Minnesota Lake Superior Duluth St. Louis
50%
Michigan (LP) Lake Michigan Allegan Allegan
38%
Michigan (LP) Lake Michigan Beulah Benzie
38%
Michigan (UP) Lake Superior Sault Ste. Marie Chippewa
38%
Michigan (UP) Lake Huron Sault Ste. Marie Chippewa
38%
Michigan (UP) Lake Michigan Escanaba Delta
38%
Michigan (UP) Lake Superior Bessemer Gogebic
38%
Michigan (LP) Lake Huron Tawas City Iosco
38%
New York Lake Ontario Watertown Jefferson
38%
Indiana Lake Michigan La Porte LaPorte
38%
Michigan (LP) Lake Michigan Suttons Bay Township Leelanau
38%
Michigan (LP) Lake St. Clair Mount Clemens Macomb
38%
Michigan (UP) Lake Michigan Menominee Menominee
38%
Michigan (LP) Lake Huron Harrisville Alcona
25%
Michigan (LP) Lake Huron Standish Arenac
25%
Michigan (LP) Lake Michigan St. Joseph Berrien
25%
Wisconsin (Lake Michigan) Lake Michigan Green Bay Brown
25%
Ohio Lake Erie Cleveland Cuyahoga
25%
Michigan (LP) Lake Michigan Petoskey Emmet
25%
New York Lake Ontario Lockport Niagara
25%
Wisconsin (Lake Michigan) Lake Michigan Port Washington Ozaukee
25%
Michigan (LP) Lake Huron Rogers City Presque Isle
25%
Michigan (LP) Lake Huron Sandusky Sanilac
25%
Michigan (UP) Lake Michigan Manistique Schoolcraft
25%
Michigan (LP) Lake Michigan Paw Paw Van Buren
25%
Michigan (UP) Lake Superior Munising Alger
13%
Michigan (LP) Lake Michigan Bellaire Antrim
13%
Ohio Lake Erie Jefferson Ashtabula
13%
Michigan (UP) Lake Superior L'Anse Baraga
13%
Michigan (UP) Lake Superior Eagle River Keweenaw
13%
Ohio Lake Erie Elyria Lorain
13%
Ohio Lake Erie Toledo Lucas
13%
Michigan (UP) Lake Superior Newberry Luce
13%
Michigan (LP) Lake Michigan Ludington Mason
13%
Michigan (LP) Lake Michigan Hart Oceana
13%
Ohio Lake Erie Fremont Sandusky
13%
Michigan (LP) Lake Huron Caro Tuscola
13%
New York Lake Ontario Auburn Cayuga
0%
New York Lake Erie Mayville Chautauqua
0%
New York Lake Ontario Albion Orleans
0%
Indiana Lake Michigan Valparaiso Porter
0%
No matching quizzes found
Score Distribution
Percent of People with Each Score
Percentile by Number Answered
Your Score History
You have not taken this quiz